[Event "Chess Festival Groningen 2018 BC"]
[Site "Groningen, Netherlands"]
[Date "2018.12.29"]
[Round "8"]
[White "Van Hamond, Fons"]
[Black "Santema, Tjeerd"]
[Result "0-1"]
[WhiteElo "2001"]
[BlackElo "1776"]
[PlyCount "136"]
[EventDate "2018.12.??"]

1. e4 e6 2. d4 d5 3. Nd2 Nc6 4. c3 e5 5. Ngf3 exd4 6. Nxd4 Nxd4 7. cxd4 dxe4 8.
Nxe4 Nf6 9. Nc3 Be6 10. Be2 c6 11. O-O h6 12. Bf4 Bd6 13. Qd2 Qc7 14. Bxd6 Qxd6
15. Rad1 Rd8 16. f4 O-O 17. f5 Bd5 18. Qf4 Rfe8 19. Bd3 Qxf4 20. Rxf4 Re3 21.
Rd2 Rde8 22. Rd1 Kf8 23. h3 Rg3 24. Rf2 Rge3 25. Re2 Rxe2 26. Bxe2 Bxa2 27. Ra1
Bb3 28. Rxa7 Rb8 29. Kf2 Nd5 30. Bd3 Nb4 31. Be4 Ke7 32. g4 Kd6 33. Ke3 Na6 34.
Bd3 Nb4 35. Ne4+ Kc7 36. Nc5 Nxd3 37. Kxd3 Bd5 38. h4 f6 39. Ra1 Re8 40. Ra7
Rb8 41. Ke3 Kb6 42. Ra3 Kb5 43. Kf4 b6 44. Ne6 g5+ 45. Kg3 Bxe6 46. fxe6 Re8
47. Re3 Kc4 48. e7 Kd5 49. Rf3 Ke6 50. Rc3 Kd6 51. Rf3 Kxe7 52. hxg5 hxg5 53.
Re3+ Kd7 54. Rf3 Re6 55. Rf5 Rd6 56. Kf3 Ke6 57. Ke3 Rd5 58. Rf1 Rb5 59. Rc1
Kd5 60. Rc2 Rb3+ 61. Kf2 Rd3 62. Kg2 Rxd4 63. Kf3 Rf4+ 64. Kg3 c5 65. Rd2+ Kc4
66. Rd6 b5 67. Rd8 Kb3 68. Rd2 c4 0-1

[Event "Chess Festival Groningen 2018 BC"]
[Site "Groningen, Netherlands"]
[Date "2018.12.29"]
[Round "8"]
[White "Van der Hagen, Loek"]
[Black "Neisingh, Nils"]
[Result "1-0"]
[WhiteElo "1830"]
[BlackElo "1662"]
[PlyCount "55"]
[EventDate "2018.12.??"]

1. e4 c5 2. Nf3 d6 3. d4 cxd4 4. Nxd4 Nf6 5. Nc3 a6 6. Bg5 e6 7. f4 Be7 8. Qf3
Qc7 9. O-O-O Nbd7 10. Bd3 h6 11. Bh4 b5 12. Rhe1 Bb7 13. Qg3 b4 14. Nd5 Bxd5
15. exd5 e5 16. Nf5 Nh5 17. Nxg7+ Nxg7 18. Qxg7 Rf8 19. Qxh6 Bxh4 20. Qxh4 Qa5
21. Kb1 Ra7 22. Bf5 f6 23. Bxd7+ Rxd7 24. Rf1 Qb6 25. Qg4 Kd8 26. fxe5 dxe5 27.
d6 a5 28. Rxf6 1-0

[Event "Chess Festival Groningen 2018 BC"]
[Site "Groningen, Netherlands"]
[Date "2018.12.29"]
[Round "8"]
[White "Waardenburg, Marlinde"]
[Black "Broersma, Sven"]
[Result "1/2-1/2"]
[WhiteElo "1751"]
[BlackElo "1612"]
[PlyCount "48"]
[EventDate "2018.12.??"]

1. e4 c5 2. Nc3 Nc6 3. f4 g6 4. Nf3 Bg7 5. Bc4 e6 6. O-O Nge7 7. d3 d5 8. Bb3
O-O 9. Qe1 Na5 10. Kh1 a6 11. a3 Nxb3 12. cxb3 b5 13. Nd1 Bb7 14. Ng5 dxe4 15.
dxe4 Re8 16. Bd2 Nc6 17. Bc3 Nd4 18. Ne3 h6 19. Nh3 Bxe4 20. Rd1 Qe7 21. Nf2
Bb7 22. b4 Red8 23. Nfg4 c4 24. Qf2 Nc6 1/2-1/2

[Event "Chess Festival Groningen 2018 BC"]
[Site "Groningen, Netherlands"]
[Date "2018.12.29"]
[Round "8"]
[White "Ypma, Jord"]
[Black "Schwenke, Stefan"]
[Result "1-0"]
[WhiteElo "1840"]
[BlackElo "1737"]
[PlyCount "53"]
[EventDate "2018.12.??"]

1. d4 e6 2. Bf4 d5 3. e3 c5 4. c3 Nc6 5. Nf3 Nf6 6. Nbd2 Bd6 7. Bg3 cxd4 8.
exd4 Qc7 9. Bd3 Bd7 10. Qe2 O-O-O 11. Bxd6 Qxd6 12. O-O Rdf8 13. b4 g5 14. b5
Ne7 15. Nb3 Ng6 16. g3 Ne4 17. Bxe4 dxe4 18. Nxg5 Qd5 19. Nxe4 Bxb5 20. Qxb5
Qxe4 21. Nc5 Qf3 22. Rab1 b6 23. Qa6+ Kb8 24. Rxb6+ axb6 25. Qxb6+ Kc8 26. Qa6+
Kc7 27. Qa7+ 1-0

[Event "Chess Festival Groningen 2018 BC"]
[Site "Groningen, Netherlands"]
[Date "2018.12.30"]
[Round "9"]
[White "Achuthan, Dylan"]
[Black "Van Hamond, Fons"]
[Result "1-0"]
[WhiteElo "1759"]
[BlackElo "2001"]
[PlyCount "45"]
[EventDate "2018.12.??"]

1. Nf3 d6 2. e4 c5 3. c3 Nf6 4. Be2 Bd7 5. d3 g6 6. O-O Bg7 7. h3 Nc6 8. Be3 e5
9. Nbd2 Nh5 10. Nc4 Qe7 11. d4 b5 12. Na3 cxd4 13. cxd4 a6 14. Rc1 O-O 15. dxe5
Nxe5 16. Nd4 Qh4 17. Bxh5 gxh5 18. f4 Qg3 19. Qd2 Bxh3 20. fxe5 Bxe5 21. Nf3
Kh8 22. Nxe5 Bxg2 23. Bf4 1-0

[Event "Chess Festival Groningen 2018 BC"]
[Site "Groningen, Netherlands"]
[Date "2018.12.30"]
[Round "9"]
[White "Baselmans, Daan"]
[Black "Waardenburg, Marlinde"]
[Result "1-0"]
[WhiteElo "1566"]
[BlackElo "1751"]
[PlyCount "63"]
[EventDate "2018.12.??"]

1. e4 Nf6 2. e5 Nd5 3. c4 Nb6 4. d4 d6 5. exd6 cxd6 6. Nc3 g6 7. Be3 Bg7 8. Be2
Nc6 9. Nf3 O-O 10. O-O Bg4 11. b3 e5 12. d5 Ne7 13. Rc1 Rc8 14. Ng5 Bd7 15.
Nge4 Be8 16. c5 dxc5 17. Bxc5 Bd7 18. d6 Nc6 19. Bxb6 Qxb6 20. Nd5 Qd8 21. Bb5
Kh8 22. Ne7 Rb8 23. Nxc6 bxc6 24. Bxc6 Bxc6 25. Rxc6 f5 26. Nc5 Rf6 27. Qd5 Rb6
28. Rxb6 axb6 29. Nb7 Qd7 30. Rc1 Qe6 31. Qxe6 Rxe6 32. Rc8+ 1-0

[Event "Chess Festival Groningen 2018 BC"]
[Site "Groningen, Netherlands"]
[Date "2018.12.30"]
[Round "9"]
[White "Brendel, Bergit"]
[Black "Bous, Florian"]
[Result "0-1"]
[WhiteElo "1971"]
[BlackElo "1994"]
[PlyCount "86"]
[EventDate "2018.12.??"]

1. e4 c5 2. Nf3 d6 3. d4 cxd4 4. Nxd4 Nf6 5. Nc3 a6 6. g3 g6 7. Bg2 Bg7 8. O-O
O-O 9. a4 Bg4 10. f3 Bd7 11. Be3 Nc6 12. Nxc6 bxc6 13. a5 c5 14. e5 Ne8 15. f4
Rb8 16. Nd5 Rxb2 17. Nb6 Bf5 18. Bxc5 Rxc2 19. Be3 Nc7 20. g4 Rxg2+ 21. Kxg2
Be4+ 22. Kg1 dxe5 23. Nd7 exf4 24. Nxf8 Qxd1 25. Raxd1 fxe3 26. Rfe1 e2 27.
Rxe2 Bf3 28. Rd8 Bxf8 29. Rxe7 Ne6 30. Rxe6 fxe6 31. h3 Kf7 32. Kf2 Bc6 33. Rc8
Bb5 34. g5 Bb4 35. Rc7+ Be7 36. Ke3 e5 37. h4 Ke6 38. Rc8 Kf5 39. Rc7 Ke6 40.
Rc8 Kd5 41. Rh8 Bc5+ 42. Kd2 e4 43. Rxh7 e3+ 0-1

[Event "Chess Festival Groningen 2018 BC"]
[Site "Groningen, Netherlands"]
[Date "2018.12.30"]
[Round "9"]
[White "Broersma, Sven"]
[Black "Waardenburg, Feline"]
[Result "1-0"]
[WhiteElo "1612"]
[BlackElo "1763"]
[PlyCount "55"]
[EventDate "2018.12.??"]

1. d4 Nf6 2. c4 g6 3. Nc3 d5 4. cxd5 Nxd5 5. e4 Nxc3 6. bxc3 Bg7 7. Nf3 c5 8.
Rb1 O-O 9. Be2 Nc6 10. d5 Ne5 11. Nxe5 Bxe5 12. Qd2 Qa5 13. Rb3 f5 14. f4 Bg7
15. e5 Rd8 16. O-O a6 17. c4 Qc7 18. Rd1 Bf8 19. Bf3 Rb8 20. Rd3 b5 21. d6 exd6
22. Bb2 Be6 23. exd6 Qb6 24. Qc3 Rd7 25. Qh8+ Kf7 26. Qf6+ Ke8 27. Qxe6+ Kd8
28. Qf6+ 1-0

[Event "Chess Festival Groningen 2018 BC"]
[Site "Groningen, Netherlands"]
[Date "2018.12.30"]
[Round "9"]
[White "De Jong, Mathijs"]
[Black "Kastelijn, Toine"]
[Result "1-0"]
[WhiteElo "1967"]
[BlackElo "1942"]
[PlyCount "74"]
[EventDate "2018.12.??"]

1. d4 Nf6 2. c4 e6 3. Nf3 b6 4. g3 Ba6 5. Qc2 Bb7 6. Nc3 c5 7. dxc5 Bxc5 8. Bg2
O-O 9. O-O Nc6 10. a3 Rc8 11. b4 Nd4 12. Nxd4 Bxd4 13. Bxb7 Rxc4 14. Bb2 Bxc3
15. Ra2 d5 16. Ba6 Rc7 17. Rc1 Be5 18. Bxe5 Rxc2 19. Raxc2 Nd7 20. Bd6 Nb8 21.
Bxf8 Nxa6 22. Rc8 Qxf8 23. Rxf8+ Kxf8 24. Rc8+ Ke7 25. Ra8 Kd6 26. Rxa7 Nc7 27.
a4 f6 28. Kf1 d4 29. Ke1 e5 30. Kd2 g5 31. Kd3 h5 32. a5 b5 33. Rxc7 Kxc7 34.
e3 dxe3 35. fxe3 f5 36. h3 h4 37. Ke2 Kc6 1-0

[Event "Chess Festival Groningen 2018 BC"]
[Site "Groningen, Netherlands"]
[Date "2018.12.30"]
[Round "9"]
[White "De Vries, Emma"]
[Black "Molanus, Lennart"]
[Result "1-0"]
[WhiteElo "1919"]
[BlackElo "1552"]
[PlyCount "121"]
[EventDate "2018.12.??"]

1. e4 c5 2. Nf3 d6 3. Bb5+ Nc6 4. O-O Bd7 5. c3 Nf6 6. Re1 a6 7. Bf1 e5 8. d4
cxd4 9. cxd4 Bg4 10. d5 Nd4 11. Nbd2 Rc8 12. Bd3 Qc7 13. h3 Bxf3 14. Nxf3 Nc2
15. Bxc2 Qxc2 16. Qxc2 Rxc2 17. b3 h6 18. Ba3 Kd7 19. Re3 Be7 20. Ne1 Rd2 21.
Nd3 Rc8 22. Bb4 Rdc2 23. a4 Bd8 24. a5 Nh5 25. Rf3 Nf6 26. Kf1 Ke8 27. Re1 Bc7
28. Rf5 Bb8 29. f4 exf4 30. e5 Nxd5 31. exd6+ Ne3+ 32. Kg1 Ba7 33. Kh1 g5 34.
d7+ Kxd7 35. Rxf7+ Kd8 36. Ne5 Bc5 37. Rxb7 Bxb4 38. Rxb4 Rxg2 39. Rxe3 fxe3
40. Kxg2 Rc3 41. Kf3 e2+ 42. Kxe2 Rxh3 43. Rb6 Kc7 44. b4 Rh2+ 45. Ke3 Rh3+ 46.
Ke4 Rh4+ 47. Kd5 Rf4 48. Nd3 Rf5+ 49. Kc4 h5 50. Rxa6 Kb7 51. Rh6 g4 52. b5 g3
53. Rh7+ Ka8 54. Rg7 h4 55. a6 Rf6 56. Kc5 Kb8 57. b6 Rf5+ 58. Kc6 Rf6+ 59. Kb5
Rf5+ 60. Nc5 Rf8 61. Nd7+ 1-0

[Event "Chess Festival Groningen 2018 BC"]
[Site "Groningen, Netherlands"]
[Date "2018.12.30"]
[Round "9"]
[White "Karsdorp, Nico"]
[Black "Koedijk, Klaas Jan"]
[Result "0-1"]
[WhiteElo "1849"]
[BlackElo "1776"]
[PlyCount "66"]
[EventDate "2018.12.??"]

1. e4 c5 2. Nf3 g6 3. c3 d5 4. Bb5+ Bd7 5. Bxd7+ Qxd7 6. e5 Bg7 7. d4 cxd4 8.
cxd4 e6 9. Nc3 Ne7 10. Bg5 a6 11. a4 Nbc6 12. a5 Qc7 13. Qa4 O-O 14. O-O b5 15.
axb6 Qxb6 16. Qa3 Nf5 17. Na4 Qa7 18. Rad1 Ncxd4 19. Nxd4 Nxd4 20. Bf6 Nb5 21.
Qh3 Rac8 22. Kh1 Rc2 23. f4 Rf2 24. Qh4 Rxf1+ 25. Rxf1 Qd4 26. b3 Qd3 27. Rc1
Qxb3 28. Nc5 Qa3 29. Qe1 Rc8 30. Nd3 Rxc1 31. Qxc1 Qxd3 32. Qc8+ Bf8 33. h3 Qa3
0-1

[Event "Chess Festival Groningen 2018 BC"]
[Site "Groningen, Netherlands"]
[Date "2018.12.30"]
[Round "9"]
[White "Leentjens, Gilbert"]
[Black "Beukema, Constantijn"]
[Result "0-1"]
[WhiteElo "1895"]
[BlackElo "1680"]
[PlyCount "76"]
[EventDate "2018.12.??"]

1. e4 e5 2. Nc3 Nf6 3. Bc4 Nc6 4. d3 Bc5 5. f4 d6 6. Nf3 O-O 7. f5 Na5 8. Qe2
c6 9. Bg5 b5 10. Bb3 Nxb3 11. axb3 Re8 12. g4 d5 13. Bxf6 Qxf6 14. g5 Qd6 15.
h4 Bb4 16. O-O-O a5 17. g6 hxg6 18. Ng5 Bxc3 19. bxc3 gxf5 20. Qh5 Qg6 21. Qxg6
fxg6 22. exd5 cxd5 23. h5 e4 24. dxe4 dxe4 25. h6 gxh6 26. Rxh6 Kg7 27. Rh7+
Kf6 28. Rg1 Be6 29. Rh6 Rg8 30. Nxe6 Kxe6 31. Rgxg6+ Rxg6 32. Rxg6+ Ke5 33. Rb6
Rd8 34. Rxb5+ Kf4 35. c4 e3 36. Rd5 Rxd5 37. cxd5 Kf3 38. Kd1 Kf2 0-1

[Event "Chess Festival Groningen 2018 BC"]
[Site "Groningen, Netherlands"]
[Date "2018.12.30"]
[Round "9"]
[White "Manenschijn, Wouter"]
[Black "Den Boer, Paul"]
[Result "1/2-1/2"]
[WhiteElo "1798"]
[BlackElo "1907"]
[PlyCount "47"]
[EventDate "2018.12.??"]

1. e4 e5 2. Nf3 Nc6 3. Bc4 Bc5 4. c3 Nf6 5. d3 a6 6. O-O Ba7 7. Re1 d6 8. Bb3
O-O 9. h3 Ne7 10. Nbd2 Ng6 11. Nf1 Nh5 12. Nxe5 Nxe5 13. d4 Nf6 14. dxe5 dxe5
15. Bg5 Qxd1 16. Raxd1 Nd7 17. Ne3 c6 18. Nf5 Nc5 19. Nd6 Nxb3 20. axb3 Bc5 21.
Be7 Bxd6 22. Bxd6 Re8 23. Bxe5 Bxh3 24. Bc7 1/2-1/2

[Event "Chess Festival Groningen 2018 BC"]
[Site "Groningen, Netherlands"]
[Date "2018.12.30"]
[Round "9"]
[White "Molanus, Eva"]
[Black "Molanus, Florian"]
[Result "1/2-1/2"]
[WhiteElo "1282"]
[BlackElo "1270"]
[PlyCount "50"]
[EventDate "2018.12.??"]

1. d4 d5 2. c4 c6 3. Nf3 e6 4. c5 Nf6 5. Nc3 Nbd7 6. Bg5 Be7 7. e3 O-O 8. Bd3
b6 9. b4 b5 10. O-O h6 11. Bxf6 Nxf6 12. Qc2 Ne8 13. Bh7+ Kh8 14. Bd3 f5 15. a4
a6 16. a5 Bg5 17. Nxg5 Qxg5 18. f4 Qg4 19. h3 Qg3 20. Qf2 Qxf2+ 21. Kxf2 Nf6
22. Rfe1 Ne4+ 23. Nxe4 fxe4 24. Bc2 h5 25. h4 Rf6 1/2-1/2

[Event "Chess Festival Groningen 2018 BC"]
[Site "Groningen, Netherlands"]
[Date "2018.12.30"]
[Round "9"]
[White "Neisingh, Nils"]
[Black "Baier, Frederic"]
[Result "1/2-1/2"]
[WhiteElo "1662"]
[BlackElo "1824"]
[PlyCount "46"]
[EventDate "2018.12.??"]

1. e4 e6 2. d4 d5 3. Nd2 Nf6 4. e5 Nfd7 5. Bd3 c5 6. c3 Nc6 7. Ne2 Be7 8. O-O
O-O 9. f4 f5 10. exf6 Nxf6 11. Nf3 Bd7 12. Ng3 Ne8 13. Re1 cxd4 14. cxd4 Nd6
15. Kh1 Rc8 16. a3 Na5 17. Ne5 Qe8 18. Nxd7 Qxd7 19. Qh5 Nf5 20. Nxf5 exf5 21.
Qe2 Bf6 22. Bb5 Qd6 23. Be3 a6 1/2-1/2

[Event "Chess Festival Groningen 2018 BC"]
[Site "Groningen, Netherlands"]
[Date "2018.12.30"]
[Round "9"]
[White "Nixdorf, Andre"]
[Black "Ypma, Jord"]
[Result "1/2-1/2"]
[WhiteElo "1977"]
[BlackElo "1840"]
[PlyCount "137"]
[EventDate "2018.12.??"]

1. d4 d5 2. Nf3 Nf6 3. c4 c6 4. Nc3 dxc4 5. a4 Bf5 6. e3 e6 7. Bxc4 Bb4 8. O-O
Nbd7 9. Qe2 O-O 10. h3 Re8 11. Rd1 Rc8 12. Na2 Bf8 13. Nc3 a5 14. e4 Bg6 15.
Bf4 Nb6 16. Bb3 Bb4 17. Bc2 Nfd7 18. Na2 Bf8 19. Bd2 Ra8 20. Qe1 Nc4 21. Bc3 b5
22. Bd3 Nd6 23. b4 axb4 24. Nxb4 Rxa4 25. Rxa4 bxa4 26. Ra1 c5 27. Na6 c4 28.
Bc2 a3 29. Ba5 Qc8 30. Nc7 Rd8 31. Nh4 Nb7 32. Nxg6 hxg6 33. Nb5 Nxa5 34. Qxa5
Qa8 35. Qc3 Qa6 36. Qxc4 Rc8 37. Qa4 Qc6 38. Nxa3 Qc3 39. Ra2 Nf6 40. Qa6 Bxa3
41. e5 Nh7 42. Bxg6 Be7 43. Rc2 Qe1+ 44. Qf1 Qxf1+ 45. Kxf1 Rxc2 46. Bxc2 Nf8
47. Ba4 Ng6 48. g3 Kf8 49. Bc6 Bb4 50. Ke2 Ne7 51. Be4 Ke8 52. f4 Kd7 53. g4
Ba3 54. f5 Nc6 55. fxe6+ fxe6 56. d5 Nxe5 57. dxe6+ Kxe6 58. Bf5+ Kf6 59. h4 g6
60. Bc8 Bc5 61. g5+ Ke7 62. Bh3 Nc6 63. Kf3 Kd6 64. Bg4 Ke5 65. h5 Nd4+ 66. Kg3
gxh5 67. Bxh5 Kf5 68. Bd1 Bd6+ 69. Kg2 1/2-1/2

[Event "Chess Festival Groningen 2018 BC"]
[Site "Groningen, Netherlands"]
[Date "2018.12.30"]
[Round "9"]
[White "Oord, Raymon"]
[Black "Husers, Yannic"]
[Result "1-0"]
[WhiteElo "1911"]
[BlackElo "1864"]
[PlyCount "89"]
[EventDate "2018.12.??"]

1. d4 Nf6 2. Bf4 g6 3. Nc3 Bg7 4. e4 d6 5. Qd2 Nbd7 6. Nf3 c5 7. Bh6 O-O 8. h4
Bxh6 9. Qxh6 Ng4 10. Qd2 h5 11. Bc4 cxd4 12. Nxd4 Nde5 13. Bb3 Kh7 14. f3 Nf6
15. Nd5 Nxd5 16. Bxd5 e6 17. Bb3 Qb6 18. O-O-O a5 19. a3 a4 20. Ba2 Nd7 21. g4
Ra5 22. gxh5 Rxh5 23. Ne2 d5 24. Ng3 Rh6 25. h5 g5 26. exd5 Ne5 27. d6 Rg8 28.
Qc3 f6 29. Ne4 Qb5 30. Qc7+ Kh8 31. Nc3 Qe8 32. Ne4 Qb5 33. c4 Qe8 34. Bb1 Rg7
35. Qc5 Nxf3 36. Rdf1 g4 37. Qe3 Ng5 38. Nxf6 Qc6 39. d7 Qxc4+ 40. Bc2 Bxd7 41.
Nxd7 Qd5 42. Ne5 Rf6 43. h6 Rg8 44. h7 Rg7 45. Rd1 1-0

[Event "Chess Festival Groningen 2018 BC"]
[Site "Groningen, Netherlands"]
[Date "2018.12.30"]
[Round "9"]
[White "Paans, Johnny"]
[Black "Van der Hagen, Loek"]
[Result "0-1"]
[WhiteElo "1968"]
[BlackElo "1830"]
[PlyCount "66"]
[EventDate "2018.12.??"]

1. e4 c5 2. d4 cxd4 3. c3 dxc3 4. Nxc3 Nc6 5. Nf3 e6 6. Bc4 a6 7. O-O Nge7 8.
Qe2 Ng6 9. Rd1 b5 10. Bd5 Qc7 11. Bb3 Be7 12. Be3 O-O 13. Rac1 Qb8 14. Bc2 Na5
15. h4 Nc4 16. h5 Nf4 17. Bxf4 Qxf4 18. b3 Ne5 19. Nxe5 Qxe5 20. Rd3 Bg5 21.
Rcd1 Bh6 22. Nd5 exd5 23. Rxd5 Qe7 24. e5 g6 25. Rd6 Qg5 26. hxg6 hxg6 27. Bxg6
fxg6 28. Qe4 Qf5 29. Rxg6+ Kh7 30. Rxh6+ Kxh6 31. Qxa8 Qxf2+ 32. Kh1 Rh8 33.
Rd3 Qf1+ 0-1

[Event "Chess Festival Groningen 2018 BC"]
[Site "Groningen, Netherlands"]
[Date "2018.12.30"]
[Round "9"]
[White "Ritter, Uwe"]
[Black "Martinez, Sara"]
[Result "1-0"]
[WhiteElo "2014"]
[BlackElo "1583"]
[PlyCount "55"]
[EventDate "2018.12.??"]

1. e4 e6 2. d4 d5 3. Nd2 c5 4. exd5 exd5 5. Ngf3 Nc6 6. Bb5 Qb6 7. Qe2+ Be7 8.
O-O Nf6 9. Re1 Qc7 10. Bxc6+ bxc6 11. Nb3 cxd4 12. Bf4 Qd8 13. Nbxd4 Bb7 14.
Nf5 O-O 15. Qxe7 Qc8 16. Nh6+ Kh8 17. Nxf7+ Kg8 18. Nd6 Qg4 19. Qe6+ Qxe6 20.
Rxe6 Ba6 21. Rae1 Nd7 22. Re8 Nf6 23. Rxa8 Rxa8 24. Re7 c5 25. Ng5 Bc8 26. Ne8
Nh5 27. Nc7 Kf8 28. Re8# 1-0

[Event "Chess Festival Groningen 2018 BC"]
[Site "Groningen, Netherlands"]
[Date "2018.12.30"]
[Round "9"]
[White "Smit, Wim"]
[Black "Rassolyrad, Farid"]
[Result "1-0"]
[WhiteElo "1440"]
[BlackElo "1309"]
[PlyCount "47"]
[EventDate "2018.12.??"]

1. e4 c5 2. Nf3 Nc6 3. d4 cxd4 4. Nxd4 g6 5. Be3 Bg7 6. Nc3 Nf6 7. f3 d6 8. Qd2
Bd7 9. O-O-O O-O 10. h4 Ne5 11. Kb1 a6 12. Be2 Rc8 13. g4 b5 14. h5 Nc4 15.
Bxc4 Rxc4 16. Bh6 Nxg4 17. Bxg7 Nf6 18. hxg6 fxg6 19. Rxh7 Kxh7 20. Rh1+ Kxg7
21. Qh6+ Kf7 22. Qh7+ Ke8 23. Qxg6+ Rf7 24. Rh8+ 1-0

[Event "Chess Festival Groningen 2018 BC"]
[Site "Groningen, Netherlands"]
[Date "2018.12.30"]
[Round "9"]
[White "Torenbosch, Jorn"]
[Black "Martinez, Anna"]
[Result "1/2-1/2"]
[WhiteElo "1727"]
[BlackElo "1868"]
[PlyCount "49"]
[EventDate "2018.12.??"]

1. e4 c5 2. b4 cxb4 3. a3 e6 4. axb4 Bxb4 5. Bb2 Bf8 6. Nc3 Nc6 7. Bc4 Nf6 8.
Nf3 d6 9. d4 d5 10. exd5 exd5 11. Bb3 Bg4 12. O-O Be7 13. Qd3 Bxf3 14. Qxf3
Nxd4 15. Ba4+ Kf8 16. Qe3 Ne6 17. Qf3 Ng5 18. Qf5 h6 19. Rfe1 Ne6 20. Bb3 g6
21. Qd3 Nc5 22. Qd4 Ne6 23. Qd3 Nc5 24. Qd4 Ne6 25. Qd3 1/2-1/2

[Event "Chess Festival Groningen 2018 BC"]
[Site "Groningen, Netherlands"]
[Date "2018.12.30"]
[Round "9"]
[White "Van Dijk, Dominic"]
[Black "Rupert, Casper"]
[Result "0-1"]
[WhiteElo "1672"]
[BlackElo "2055"]
[PlyCount "68"]
[EventDate "2018.12.??"]

1. d4 Nf6 2. c4 e6 3. Nc3 d5 4. c5 b6 5. cxb6 axb6 6. Bf4 Bb4 7. a3 Bd6 8. Bxd6
Qxd6 9. e3 O-O 10. Nf3 c5 11. Nb5 Qe7 12. b3 Nbd7 13. Be2 Ba6 14. a4 Rfc8 15.
Nd2 Bxb5 16. Bxb5 cxd4 17. exd4 Qb4 18. O-O Qxd4 19. Nf3 Qxd1 20. Rfxd1 Kf8 21.
Nd4 Ke7 22. Bc6 Rab8 23. Rac1 Ne4 24. Bxd5 exd5 25. Nc6+ Kd6 26. Nxb8 Rxc1 27.
Rxc1 Nxb8 28. Rc8 Nc6 29. Rg8 g6 30. Rg7 d4 31. Kf1 Ne5 32. Rxh7 d3 33. Rh4
Nd2+ 34. Ke1 Ndf3+ 0-1

[Event "Chess Festival Groningen 2018 BC"]
[Site "Groningen, Netherlands"]
[Date "2018.12.30"]
[Round "9"]
[White "Van den Heuvel, Annelies"]
[Black "Huizinga, Egbert"]
[Result "1-0"]
[WhiteElo "1597"]
[BlackElo "1760"]
[PlyCount "60"]
[EventDate "2018.12.??"]

1. e4 e5 2. Nf3 Nc6 3. d4 exd4 4. Nxd4 Nf6 5. Nxc6 bxc6 6. e5 Qe7 7. Qe2 Nd5 8.
c4 Ba6 9. b3 g5 10. Ba3 Nb4 11. g3 Bg7 12. Bb2 O-O-O 13. a3 Nd5 14. Bg2 Rde8
15. O-O Bxe5 16. Bxe5 Qxe5 17. Qxe5 Rxe5 18. cxd5 Bxf1 19. Kxf1 cxd5 20. Nd2 c6
21. Re1 Re6 22. Bh3 Rxe1+ 23. Kxe1 Kc7 24. Nf3 f6 25. b4 d6 26. Kd2 c5 27. Be6
Kc6 28. Kd3 Rb8 29. Kc3 Re8 30. b5+ Kxb5 1-0

[Event "Chess Festival Groningen 2018 BC"]
[Site "Groningen, Netherlands"]
[Date "2018.12.30"]
[Round "9"]
[White "Visser, Johan"]
[Black "Van Foreest, Nanne"]
[Result "1/2-1/2"]
[WhiteElo "1739"]
[BlackElo "1611"]
[PlyCount "34"]
[EventDate "2018.12.??"]

1. e4 e5 2. Nf3 Nc6 3. Bb5 Nf6 4. O-O Nxe4 5. Re1 Nd6 6. Bxc6 dxc6 7. Nxe5 Be7
8. d3 O-O 9. Nc3 f6 10. Nf3 Bg4 11. h3 Bh5 12. Bf4 f5 13. Qe2 Bf6 14. Qe6+ Bf7
15. Qe3 Re8 16. Qd2 Be6 17. Re2 Qd7 1/2-1/2

[Event "Chess Festival Groningen 2018 BC"]
[Site "Groningen, Netherlands"]
[Date "2018.12.30"]
[Round "9"]
[White "Zuiderweg, Edwin"]
[Black "Slagter, Ruben"]
[Result "1-0"]
[WhiteElo "1942"]
[BlackElo "2086"]
[PlyCount "101"]
[EventDate "2018.12.??"]

1. d4 d5 2. Nf3 Nf6 3. e3 g6 4. b3 Bg7 5. Bb2 O-O 6. Bd3 Nbd7 7. Nbd2 b6 8. O-O
Bb7 9. c4 c5 10. Ne5 Nxe5 11. dxe5 Ne4 12. Bxe4 dxe4 13. Qc2 Qc7 14. Nxe4 Bxe5
15. Bxe5 Qxe5 16. Nc3 Rfd8 17. Rad1 e6 18. e4 Rd4 19. f4 Qh5 20. Rxd4 cxd4 21.
Nb5 Rd8 22. e5 f6 23. Nd6 Ba8 24. Qd1 Qh4 25. Qxd4 Qg4 26. Qf2 Rf8 27. h3 Qh5
28. Qe3 Rd8 29. a4 fxe5 30. fxe5 Qh4 31. Qf4 Qxf4 32. Rxf4 Rd7 33. Rf6 Re7 34.
Nc8 Rc7 35. Nd6 Re7 36. h4 Kg7 37. Kf2 Bc6 38. g3 Kg8 39. Ke3 Bg2 40. g4 Kg7
41. g5 Bh3 42. Kd4 Bg4 43. Kc3 Kg8 44. Rf4 Bf5 45. Rd4 Rc7 46. Ne8 Rc5 47. Nf6+
Kf7 48. Rd7+ Kf8 49. Nxh7+ Ke8 50. Nf6+ Kf8 51. Rxa7 1-0